LDR 01108nam a2200229 4500 001 000000367110 003 CaOOAMICUS 005 20260413165343.0 008 260402s1961 it 000 u ita r 040 $aSeMil$bita 100 1 $aPazzi, Maria Maddalena : de'$b
.$0(OLS)http://semarc/name/124059 245 10$a2: I colloqui :$bparte prima /$ca cura di Fra Claudio Maria Catena O. Carm. 264 1$aFirenze :$bCentro Internazionale del Libro,$c1961. 300 $a456 p. ;$c21 cm 700 1 $aCatena, Claudio Maria.$0(OLS)http://semarc/name/124060 773 0 $aPazzi, Maria Maddalena : de'
$tTutte le opere di santa Maria Maddalena de' Pazzi : .$dFirenze : Centro Internazionale del Libro, 1960-1966.$g2$w()367108 850 $aSeMil 852 $aSeMil$W1$xVenegono$y1$B257838$CSeMilBibl$Z2$F257838 $81 961 $aSequeri Mons. Pierangelo - Omaggio 996 $6245$a2: I colloqui :$bparte prima$9(OLS)http://semarc/title/458967 996 $6264$aFirenze :$bCentro Internazionale del Libro$9(OLS)http://semarc/publisher/46471